| 000 | 00000nam##2200000za#4500 |
| 001 | 9.606808 |
| 003 | CaOODSP |
| 005 | 20210624212820 |
| 007 | cr ||||||||||| |
| 008 | 150406|2001||||xxc|||||o f|0| 0 fre|d |
| 022 | |a1488-545X |
| 040 | |aCaOODSP|bfre |
| 043 | |an-cn--- |
| 086 | 1 |aFs97-6/2338F-PDF |
| 110 | 1 |aCanada. |bMinistère des pêches et des océans. |
| 245 | 10|aÉvolution du trafic maritime en provenance de l'étranger dans le Saint-Laurent de 1978 à 1996 et implications pour les risques d'introduction d'espèces aquatiques non indigènes / |h[ressource électronique]|cpar Myriam Bourgeois, Michel Gilbert, Brigitte Cusson. |
| 260 | |aMont-Joli - Québec : |bPêches et Océans Canada |c2001. |
| 300 | |a44p.|bfigures, références, tableaux |
| 490 | 1 |aRapport technique canadien des sciences halieutiques et aquatiques|x1488-545X|vN° 2338 |
| 500 | |aSur la p. de t. : Institut Maurice Lamontagne, Mont Joli, (Québec). Le n° de catalogue et l'ISSN de l'édition imprimée apparaissent dans cette version électronique. |
| 546 | |a(Abstract in English). |
| 590 | |a14-06-Supp|b2014-03-21 |
| 720 | 1 |aCusson, Brigitte |
| 720 | 1 |aGilbert, Michel |
| 720 | 1 |aBourgeois, Myriam |
| 830 | #0|aRapport technique canadien des sciences halieutiques et aquatiques,|x1488-545X|vN° 2338|w(CaOODSP)9.500867 |
| 856 | 40|ahttp://publications.gc.ca|qPDF|s1235 Ko|uhttps://publications.gc.ca/collections/collection_2014/mpo-dfo/Fs97-6-2338-fra.pdf|yN° 2338 |